| 000 | 00873nam a2200265 4500 | ||
|---|---|---|---|
| 001 | 3750614 | ||
| 005 | 20150429144340.0 | ||
| 008 | 000 | ||
| 010 | _a 82009680 | ||
| 020 |
_a0934540160 (pbk.) : _c$12.95 |
||
| 040 |
_aUOEL _cDLC _dDLC |
||
| 043 | _ae-uk--- | ||
| 050 | 0 | 0 |
_aJN297.R44 _bR67 1982 |
| 082 | 0 | 0 |
_a320.1/2/0941 _219 |
| 100 | 1 |
_aRose, Richard, _d1933- |
|
| 245 | 1 | 4 |
_aThe territorial dimension in government : _bunderstanding the United Kingdom / _cRichard Rose. |
| 260 |
_aChatham, N.J. : _bChatham House, _cc1982. |
||
| 300 |
_a228 p. ; _c23 cm. |
||
| 504 | _aIncludes bibliographical references and index. | ||
| 650 | 0 |
_aRegionalism _zGreat Britain. |
|
| 651 | 0 |
_aGreat Britain _xPolitics and government _y1964-1979. |
|
| 651 | 0 |
_aGreat Britain _xPolitics and government _y1979-1997. |
|
| 906 |
_a7 _bcbc _corignew _d1 _eocip _f19 _gy-gencatlg |
||
| 942 |
_2lcc _cLL |
||
| 999 |
_c6214 _d6214 |
||